|
|
|
|
| LEADER |
09078nam a2201357u 4500 |
| 001 |
c000224622 |
| 003 |
CARM |
| 005 |
20070315190755.0 |
| 008 |
810211s1960 sp 100 0aspa |
| 010 |
|
|
|a 65079506
|
| 019 |
1 |
|
|a 41358374
|5 LACONCORD2021
|
| 035 |
|
|
|a (OCoLC)225017855
|5 LACONCORD2021
|
| 040 |
|
|
|a VCAV
|c VCAV
|
| 110 |
2 |
|
|a World Power Conference.
|b Sectional Meeting
|d (1960 :
|c Madrid, Spain)
|
| 245 |
1 |
0 |
|a World Power Conference :
|b Sectional Meeting = Conferencía Mundial de la Energia : sesion parcial = Conférence Mondiale de L'Énergie : session partielle /
|c World Power Conference. Sectional Meeting.
|
| 260 |
|
|
|a [Madrid] :
|b Comité Nacional Español,
|c [1960].
|
| 300 |
|
|
|a < v. > :
|b ill. ;
|c 22 cm.
|
| 650 |
|
0 |
|a Power resources
|v Congresses.
|
| 650 |
|
0 |
|a Mechanical engineering
|v Congresses.
|
| 650 |
|
0 |
|a Electric engineering
|v Congresses.
|
| 650 |
|
0 |
|a Nuclear engineering
|v Congresses.
|
| 852 |
8 |
|
|b CARM
|h A2:AP32A0
|i B00999
|p 0314516
|f BK
|
| 852 |
8 |
|
|b CARM
|h A2:AP32A0
|i B00999
|p 0314515
|f BK
|
| 852 |
8 |
|
|b CARM
|h A2:AP32A0
|i B00999
|p 0314518
|f BK
|
| 852 |
8 |
|
|b CARM
|h A2:AP32A0
|i B00999
|p 0314517
|f BK
|
| 852 |
8 |
|
|b CARM
|h A2:AP32A0
|i B00999
|p 0314519
|f BK
|
| 852 |
8 |
|
|b CARM
|h A2:AP32A0
|i B00999
|p 0314520
|f BK
|
| 852 |
8 |
|
|b CARM
|h A2:AP32A0
|i B00999
|p 0314521
|f BK
|
| 852 |
8 |
|
|b CARM
|h A2:AP32A0
|i B00999
|p 0314522
|f BK
|
| 852 |
8 |
|
|b CARM
|h A2:AP32A0
|i B00999
|p 0314523
|f BK
|
| 852 |
8 |
|
|b CARM
|h A2:AP32A0
|i B00999
|p 0314524
|f BK
|
| 852 |
8 |
|
|b CARM
|h A2:AP32A0
|i B00999
|p 0314525
|f BK
|
| 852 |
8 |
|
|b CARM
|h A2:AP32A0
|i B00999
|p 0314526
|f BK
|
| 852 |
8 |
|
|b CARM
|h A2:AP32A0
|i B00999
|p 0314527
|f BK
|
| 852 |
8 |
|
|b CARM
|h A2:AP32A0
|i B00999
|p 0314528
|f BK
|
| 852 |
8 |
|
|b CARM
|h A2:AP32A0
|i B00999
|p 0314529
|f BK
|
| 852 |
8 |
|
|b CARM
|h A2:AP32A0
|i B00999
|p 0314530
|f BK
|
| 852 |
8 |
|
|b CARM
|h A2:AP32A0
|i B00999
|p 0314531
|f BK
|
| 852 |
8 |
|
|b CARM
|h A2:AP32A0
|i B00999
|p 0314532
|f BK
|
| 852 |
8 |
|
|b CARM
|h A2:AP32A0
|i B00999
|p 0314533
|f BK
|
| 852 |
8 |
|
|b CARM
|h A2:AP32A0
|i B00999
|p 0314534
|f BK
|
| 852 |
8 |
|
|b CARM
|h A2:AP32A0
|i B00999
|p 0314535
|f BK
|
| 852 |
8 |
|
|b CARM
|h A2:AP32A0
|i B00999
|p 0314536
|f BK
|
| 852 |
8 |
|
|b CARM
|h A2:AP32A0
|i B00999
|p 0314537
|f BK
|
| 852 |
8 |
|
|b CARM
|h A2:AP32A0
|i B00999
|p 0314538
|f BK
|
| 852 |
8 |
|
|b CARM
|h A2:AP32A0
|i B00999
|p 0314539
|f BK
|
| 852 |
8 |
|
|b CARM
|h A2:AP32A0
|i B00999
|p 0314540
|f BK
|
| 852 |
8 |
|
|b CARM
|h A2:AP32A0
|i B00999
|p 0314541
|f BK
|
| 852 |
8 |
|
|b CARM
|h A2:AP32A0
|i B00999
|p 0314542
|f BK
|
| 852 |
8 |
|
|b CARM
|h A2:AP32A0
|i B00999
|p 0314543
|f BK
|
| 852 |
8 |
|
|b CARM
|h A2:AP32A0
|i B00999
|p 0314544
|f BK
|
| 852 |
8 |
|
|b CARM
|h A2:AP32A0
|i B00999
|p 0314545
|f BK
|
| 852 |
8 |
|
|b CARM
|h A2:AP32A0
|i B00999
|p 0314546
|f BK
|
| 852 |
8 |
|
|b CARM
|h A2:AP32A0
|i B00999
|p 0314547
|f BK
|
| 852 |
8 |
|
|b CARM
|h A2:AP32A0
|i B00999
|p 0314548
|f BK
|
| 852 |
8 |
|
|b CARM
|h A2:AP32A0
|i B00999
|p 0314549
|f BK
|
| 852 |
8 |
|
|b CARM
|h A2:AP32A0
|i B00999
|p 0314550
|f BK
|
| 852 |
8 |
|
|b CARM
|h A2:AP32A0
|i B00999
|p 0314551
|f BK
|
| 852 |
8 |
|
|b CARM
|h A2:AP32A0
|i B00999
|p 0314552
|f BK
|
| 852 |
8 |
|
|b CARM
|h A2:AP32A0
|i B00999
|p 0314553
|f BK
|
| 852 |
8 |
|
|b CARM
|h A2:AP32A0
|i B00999
|p 0314554
|f BK
|
| 852 |
8 |
|
|b CARM
|h A2:AP32A0
|i B00999
|p 0314555
|f BK
|
| 852 |
8 |
|
|b CARM
|h A2:AP32A0
|i B00999
|p 0314556
|f BK
|
| 852 |
8 |
|
|b CARM
|h A2:AP32A0
|i B00999
|p 0314557
|f BK
|
| 852 |
8 |
|
|b CARM
|h A2:AP32A0
|i B00999
|p 0314558
|f BK
|
| 852 |
8 |
|
|b CARM
|h A2:AP32A0
|i B00999
|p 0314559
|f BK
|
| 852 |
8 |
|
|b CARM
|h A2:AP32A0
|i B00999
|p 0314560
|f BK
|
| 852 |
8 |
|
|b CARM
|h A2:AP32A0
|i B00999
|p 0314561
|f BK
|
| 999 |
f |
f |
|i fcecb006-5599-5995-a7f8-d317b6a7404f
|s 4d740c38-65a5-5510-ad8d-00aba8e6064e
|
| 952 |
f |
f |
|p Can circulate
|a CAVAL
|b CAVAL
|c CAVAL
|d CARM 1 Store
|e B00999
|f A2:AP32A0
|h Other scheme
|i book
|j 2A2/7
|m 0314534
|
| 952 |
f |
f |
|p Can circulate
|a CAVAL
|b CAVAL
|c CAVAL
|d CARM 1 Store
|e B00999
|f A2:AP32A0
|h Other scheme
|i book
|j 2C/2
|m 0314546
|
| 952 |
f |
f |
|p Can circulate
|a CAVAL
|b CAVAL
|c CAVAL
|d CARM 1 Store
|e B00999
|f A2:AP32A0
|h Other scheme
|i book
|j 2C/6
|m 0314547
|
| 952 |
f |
f |
|p Can circulate
|a CAVAL
|b CAVAL
|c CAVAL
|d CARM 1 Store
|e B00999
|f A2:AP32A0
|h Other scheme
|i book
|j 3A/1
|m 0314551
|
| 952 |
f |
f |
|p Can circulate
|a CAVAL
|b CAVAL
|c CAVAL
|d CARM 1 Store
|e B00999
|f A2:AP32A0
|h Other scheme
|i book
|j 2A2/19
|m 0314536
|
| 952 |
f |
f |
|p Can circulate
|a CAVAL
|b CAVAL
|c CAVAL
|d CARM 1 Store
|e B00999
|f A2:AP32A0
|h Other scheme
|i book
|j 5/4
|m 0314557
|
| 952 |
f |
f |
|p Can circulate
|a CAVAL
|b CAVAL
|c CAVAL
|d CARM 1 Store
|e B00999
|f A2:AP32A0
|h Other scheme
|i book
|j 5/12
|m 0314561
|
| 952 |
f |
f |
|p Can circulate
|a CAVAL
|b CAVAL
|c CAVAL
|d CARM 1 Store
|e B00999
|f A2:AP32A0
|h Other scheme
|i book
|j 3/4
|m 0314550
|
| 952 |
f |
f |
|p Can circulate
|a CAVAL
|b CAVAL
|c CAVAL
|d CARM 1 Store
|e B00999
|f A2:AP32A0
|h Other scheme
|i book
|j 2C/8
|m 0314549
|
| 952 |
f |
f |
|p Can circulate
|a CAVAL
|b CAVAL
|c CAVAL
|d CARM 1 Store
|e B00999
|f A2:AP32A0
|h Other scheme
|i book
|j 2A2/22
|m 0314538
|
| 952 |
f |
f |
|p Can circulate
|a CAVAL
|b CAVAL
|c CAVAL
|d CARM 1 Store
|e B00999
|f A2:AP32A0
|h Other scheme
|i book
|j 2/8
|m 0314529
|
| 952 |
f |
f |
|p Can circulate
|a CAVAL
|b CAVAL
|c CAVAL
|d CARM 1 Store
|e B00999
|f A2:AP32A0
|h Other scheme
|i book
|j 2B/15
|m 0314545
|
| 952 |
f |
f |
|p Can circulate
|a CAVAL
|b CAVAL
|c CAVAL
|d CARM 1 Store
|e B00999
|f A2:AP32A0
|h Other scheme
|i book
|j 2B/13
|m 0314543
|
| 952 |
f |
f |
|p Can circulate
|a CAVAL
|b CAVAL
|c CAVAL
|d CARM 1 Store
|e B00999
|f A2:AP32A0
|h Other scheme
|i book
|j 2B/7
|m 0314541
|
| 952 |
f |
f |
|p Can circulate
|a CAVAL
|b CAVAL
|c CAVAL
|d CARM 1 Store
|e B00999
|f A2:AP32A0
|h Other scheme
|i book
|j 1B/4
|m 0314520
|
| 952 |
f |
f |
|p Can circulate
|a CAVAL
|b CAVAL
|c CAVAL
|d CARM 1 Store
|e B00999
|f A2:AP32A0
|h Other scheme
|i book
|j 5/9
|m 0314559
|
| 952 |
f |
f |
|p Can circulate
|a CAVAL
|b CAVAL
|c CAVAL
|d CARM 1 Store
|e B00999
|f A2:AP32A0
|h Other scheme
|i book
|j 2/4
|m 0314526
|
| 952 |
f |
f |
|p Can circulate
|a CAVAL
|b CAVAL
|c CAVAL
|d CARM 1 Store
|e B00999
|f A2:AP32A0
|h Other scheme
|i book
|j 1A1/4
|m 0314516
|
| 952 |
f |
f |
|p Can circulate
|a CAVAL
|b CAVAL
|c CAVAL
|d CARM 1 Store
|e B00999
|f A2:AP32A0
|h Other scheme
|i book
|j 1B/3
|m 0314519
|
| 952 |
f |
f |
|p Can circulate
|a CAVAL
|b CAVAL
|c CAVAL
|d CARM 1 Store
|e B00999
|f A2:AP32A0
|h Other scheme
|i book
|j 2C/7
|m 0314548
|
| 952 |
f |
f |
|p Can circulate
|a CAVAL
|b CAVAL
|c CAVAL
|d CARM 1 Store
|e B00999
|f A2:AP32A0
|h Other scheme
|i book
|j 5/10
|m 0314560
|
| 952 |
f |
f |
|p Can circulate
|a CAVAL
|b CAVAL
|c CAVAL
|d CARM 1 Store
|e B00999
|f A2:AP32A0
|h Other scheme
|i book
|j 2B/14
|m 0314544
|
| 952 |
f |
f |
|p Can circulate
|a CAVAL
|b CAVAL
|c CAVAL
|d CARM 1 Store
|e B00999
|f A2:AP32A0
|h Other scheme
|i book
|j 2/3
|m 0314525
|
| 952 |
f |
f |
|p Can circulate
|a CAVAL
|b CAVAL
|c CAVAL
|d CARM 1 Store
|e B00999
|f A2:AP32A0
|h Other scheme
|i book
|j 1B/1
|m 0314517
|
| 952 |
f |
f |
|p Can circulate
|a CAVAL
|b CAVAL
|c CAVAL
|d CARM 1 Store
|e B00999
|f A2:AP32A0
|h Other scheme
|i book
|j 3A/8
|m 0314553
|
| 952 |
f |
f |
|p Can circulate
|a CAVAL
|b CAVAL
|c CAVAL
|d CARM 1 Store
|e B00999
|f A2:AP32A0
|h Other scheme
|i book
|j 2B/5
|m 0314540
|
| 952 |
f |
f |
|p Can circulate
|a CAVAL
|b CAVAL
|c CAVAL
|d CARM 1 Store
|e B00999
|f A2:AP32A0
|h Other scheme
|i book
|j 1B/10
|m 0314523
|
| 952 |
f |
f |
|p Can circulate
|a CAVAL
|b CAVAL
|c CAVAL
|d CARM 1 Store
|e B00999
|f A2:AP32A0
|h Other scheme
|i book
|j 1B/7
|m 0314521
|
| 952 |
f |
f |
|p Can circulate
|a CAVAL
|b CAVAL
|c CAVAL
|d CARM 1 Store
|e B00999
|f A2:AP32A0
|h Other scheme
|i book
|j 2A2/21
|m 0314537
|
| 952 |
f |
f |
|p Can circulate
|a CAVAL
|b CAVAL
|c CAVAL
|d CARM 1 Store
|e B00999
|f A2:AP32A0
|h Other scheme
|i book
|j 2B/9
|m 0314542
|
| 952 |
f |
f |
|p Can circulate
|a CAVAL
|b CAVAL
|c CAVAL
|d CARM 1 Store
|e B00999
|f A2:AP32A0
|h Other scheme
|i book
|j 4A/1
|m 0314555
|
| 952 |
f |
f |
|p Can circulate
|a CAVAL
|b CAVAL
|c CAVAL
|d CARM 1 Store
|e B00999
|f A2:AP32A0
|h Other scheme
|i book
|j 4A/8
|m 0314556
|
| 952 |
f |
f |
|p Can circulate
|a CAVAL
|b CAVAL
|c CAVAL
|d CARM 1 Store
|e B00999
|f A2:AP32A0
|h Other scheme
|i book
|j 2/7
|m 0314528
|
| 952 |
f |
f |
|p Can circulate
|a CAVAL
|b CAVAL
|c CAVAL
|d CARM 1 Store
|e B00999
|f A2:AP32A0
|h Other scheme
|i book
|j 2A1/7
|m 0314531
|
| 952 |
f |
f |
|p Can circulate
|a CAVAL
|b CAVAL
|c CAVAL
|d CARM 1 Store
|e B00999
|f A2:AP32A0
|h Other scheme
|i book
|j 2A1/9
|m 0314532
|
| 952 |
f |
f |
|p Can circulate
|a CAVAL
|b CAVAL
|c CAVAL
|d CARM 1 Store
|e B00999
|f A2:AP32A0
|h Other scheme
|i book
|j 2A1/2
|m 0314530
|
| 952 |
f |
f |
|p Can circulate
|a CAVAL
|b CAVAL
|c CAVAL
|d CARM 1 Store
|e B00999
|f A2:AP32A0
|h Other scheme
|i book
|j 1A1/9
|m 0314515
|
| 952 |
f |
f |
|p Can circulate
|a CAVAL
|b CAVAL
|c CAVAL
|d CARM 1 Store
|e B00999
|f A2:AP32A0
|h Other scheme
|i book
|j 2/5
|m 0314527
|
| 952 |
f |
f |
|p Can circulate
|a CAVAL
|b CAVAL
|c CAVAL
|d CARM 1 Store
|e B00999
|f A2:AP32A0
|h Other scheme
|i book
|j 1B/19
|m 0314524
|
| 952 |
f |
f |
|p Can circulate
|a CAVAL
|b CAVAL
|c CAVAL
|d CARM 1 Store
|e B00999
|f A2:AP32A0
|h Other scheme
|i book
|j 2A2/24
|m 0314539
|
| 952 |
f |
f |
|p Can circulate
|a CAVAL
|b CAVAL
|c CAVAL
|d CARM 1 Store
|e B00999
|f A2:AP32A0
|h Other scheme
|i book
|j 3B/5
|m 0314554
|
| 952 |
f |
f |
|p Can circulate
|a CAVAL
|b CAVAL
|c CAVAL
|d CARM 1 Store
|e B00999
|f A2:AP32A0
|h Other scheme
|i book
|j 2A2/3
|m 0314533
|
| 952 |
f |
f |
|p Can circulate
|a CAVAL
|b CAVAL
|c CAVAL
|d CARM 1 Store
|e B00999
|f A2:AP32A0
|h Other scheme
|i book
|j 3A/7
|m 0314552
|
| 952 |
f |
f |
|p Can circulate
|a CAVAL
|b CAVAL
|c CAVAL
|d CARM 1 Store
|e B00999
|f A2:AP32A0
|h Other scheme
|i book
|j 5/5
|m 0314558
|
| 952 |
f |
f |
|p Can circulate
|a CAVAL
|b CAVAL
|c CAVAL
|d CARM 1 Store
|e B00999
|f A2:AP32A0
|h Other scheme
|i book
|j 2A2/9
|m 0314535
|
| 952 |
f |
f |
|p Can circulate
|a CAVAL
|b CAVAL
|c CAVAL
|d CARM 1 Store
|e B00999
|f A2:AP32A0
|h Other scheme
|i book
|j 1A2/9
|m 0314518
|
| 952 |
f |
f |
|p Can circulate
|a CAVAL
|b CAVAL
|c CAVAL
|d CARM 1 Store
|e B00999
|f A2:AP32A0
|h Other scheme
|i book
|j 1B/9
|m 0314522
|